000 00250nam a22001097a 4500
999 _c166756
_d166756
082 _a
_b
100 _aVaidya C V
245 _aThe mahabharata:
_bA cristicism/
_cby Vaidya C V.
260 _a New Delhi:
_b Cosmo,
_c1983.
650 _a
942 _cBK